LIBRARY & INFORMATION CENTRE, KCAET, TAVANUR

ONLINE PUBLIC ACCESS CATALOGUE (OPAC)

Static analysis of the Hitech and frame assembly and field performance testing of KAU manure pulverizer cum applicator (Record no. 17401)

MARC details
000 -LEADER
fixed length control field 00565nam a22001817a 4500
003 - CONTROL NUMBER IDENTIFIER
control field OSt
082 ## - DEWEY DECIMAL CLASSIFICATION NUMBER
Classification number 631.56
Item number ANJ/ST
088 ## - REPORT NUMBER
Report number P 503
100 ## - MAIN ENTRY--AUTHOR NAME
Personal name Anjali S
100 ## - MAIN ENTRY--AUTHOR NAME
Personal name Anshad K
100 ## - MAIN ENTRY--AUTHOR NAME
Personal name Aswajith S
100 ## - MAIN ENTRY--AUTHOR NAME
Personal name Darvish Hussain M
245 ## - TITLE STATEMENT
Title Static analysis of the Hitech and frame assembly and field performance testing of KAU manure pulverizer cum applicator
260 ## - PUBLICATION, DISTRIBUTION, ETC. (IMPRINT)
Place of publication KCAET,Thavanur
Name of publisher Department of farm machinery and power engineering
Year of publication 2021
300 ## - PHYSICAL DESCRIPTION
Number of Pages 55 p
700 ## - ADDED ENTRY--PERSONAL NAME
Personal name Jayan P R (guide)
942 ## - ADDED ENTRY ELEMENTS (KOHA)
Koha item type Project Report
Holdings
Collection code Home library Current library Shelving location Full call number Accession Number Koha item type
Reference KAUAET KAUAET Reference 631.56 ANJ/ST P 503 Project Report
free website counter